Statistics for FIFA One time wonders

Click here to take the quiz!

General Stats

  • This quiz has been taken 459 times
    (76 since last reset)
  • The average score is 12 of 20

Answer Stats

Answer% Correct
Iceland
78%
Zaire
75%
China
70%
Panama
68%
Angola
67%
Cuba
65%
Qatar
65%
Bosnia and Herzegovina
62%
Haiti
61%
Iraq
61%
Trinidad and Tobago
61%
Jamaica
59%
Slovakia
58%
Dutch East Indies
55%
Togo
54%
Kuwait
52%
United Arab Emirates
48%
Israel
42%
East Germany
36%
Ukraine
35%

Score Distribution

Percentile by Number Answered

Percent of People with Each Score

Your Score History

You have not taken this quiz since the last reset